[Event "UGA-ch op"]
[Site "Kampala"]
[Date "2022.02.17"]
[Round "1"]
[White "Benjamin, Chau Awar"]
[Black "Niragire, Brian"]
[Result "1-0"]
[WhiteElo "1824"]
[BlackElo "1429"]
[PlyCount "85"]
[EventDate "2022.02.17"]
[EventType "swiss"]
[EventRounds "8"]
[EventCountry "UGA"]
[SourceTitle "EXT 2023"]
[Source "ChessBase"]
[SourceDate "2022.10.05"]
[SourceVersion "1"]
[SourceVersionDate "2022.10.05"]
[SourceQuality "1"]

1. e4 e5 2. Nf3 Nc6 3. Bc4 d6 4. h3 Be7 5. c3 Nf6 6. Qc2 h6 7. b4 a6 8. a4 Be6 9. Bxe6 fxe6 10. 0-0 0-0 11. Re1 Nh7 12. Qb3 Qd7 13. d4 exd4 14. Nxd4 Nxd4 15. cxd4 d5 16. exd5 exd5 17. Nc3 c6 18. Be3 Rfe8 19. Rab1 Bg5 20. Qc2 Bxe3 21. Rxe3 Rxe3 22. fxe3 Re8 23. Re1 b5 24. a5 Ng5 25. Qg6 Re6 26. Qf5 Qe7 27. Nd1 Qxb4 28. Rf1 Qe7 29. h4 Ne4 30. Rf3 g6 31. Qf4 Kg7 32. Nb2 Rf6 33. Qb8 Rxf3 34. gxf3 Nc3 35. Kg2 Qxe3 36. Qc7+ Kf8 37. Qxc6 Qxd4 38. Qxa6 Qd2+ 39. Kh3 Qxb2 40. Qf6+ Ke8 41. a6 Qa3 42. a7 Kd7 43. Qh8 1-0